Tri thức dân gian trong canh tác cây lúa nước của người Pa Dí ở Lào Cai

में बचाया:
ग्रंथसूची विवरण
मुख्य लेखक: Bùi, Quốc Khánh
स्वरूप: पुस्तक
भाषा:Vietnamese
प्रकाशित: Hà Nội Thời Đại 2013
विषय:
टैग : टैग जोड़ें
कोई टैग नहीं, इस रिकॉर्ड को टैग करने वाले पहले व्यक्ति बनें!
Thư viện lưu trữ: Trung tâm Học liệu Lê Vũ Hùng, Trường Đại học Đồng Tháp
LEADER 01071aam a22003498a 4500
001 00031364
005 20171026081023.0
008 131204s2013 ||||||viesd
020 # # |a 9786049305962 
041 0 # |a vie 
082 1 4 |a 390.095 971 67  |b TR300TH 
100 1 # |a Bùi, Quốc Khánh 
245 1 0 |a Tri thức dân gian trong canh tác cây lúa nước của người Pa Dí ở Lào Cai  |c Bùi Quốc Khánh 
260 # # |a Hà Nội  |b Thời Đại  |c 2013 
300 # # |a 183 tr.  |c 21 cm. 
500 # # |a ĐTTS ghi: Hội Văn nghệ dân gian Việt Nam 
653 # # |a Canh tác 
653 # # |a Cây lúa nước 
653 # # |a Văn hóa dân gian 
653 # # |a Việt Nam 
653 # # |a Tri thức dân gian 
653 # # |a Lào Cai 
653 # # |a Người Pa Dí 
852 # # |b Kho đọc  |j KD.0015006 
852 # # |j KD.0015006 
910 |d 04/12/2013 
980 # # |a Trung tâm Học liệu Lê Vũ Hùng, Trường Đại học Đồng Tháp